| 000 | 00594nam a2200181 i 4500 | ||
|---|---|---|---|
| 001 | 146797 | ||
| 003 | ES-MaACL | ||
| 005 | 20230906201656.0 | ||
| 007 | t| | ||
| 008 | 070917s1978 xxu ||||1| eng d | ||
| 020 | _a0-87855-136-0 | ||
| 100 | 1 |
_aTrimberger, Ellen Kay. _9111439 |
|
| 245 | 1 | 0 |
_aRevolution from above _b: military bureaucrats and development in Japan, Turkey, Egypt and Peru / _cEllen Kay Trimberger. |
| 260 |
_aNew Brunswick : _bTransaction books, _c1978. |
||
| 300 |
_aVIII, 196 p. ; _c24 cm. |
||
| 504 | _aBibliografía. Indice. | ||
| 852 |
_aES-MaACL _jL-12467 _bR.114935 |
||
| 999 |
_c146797 _d146797 |
||